[Event "Regionalliga NW 0102"]
[Site "Bayern"]
[Date "2002.01.20"]
[Round "4.5"]
[White "Stauch, Frank"]
[Black "Gehlert, Klaus"]
[Result "1/2-1/2"]
[WhiteElo "2030"]
[BlackElo "2020"]
[PlyCount "62"]
[EventDate "2001.10.07"]
[EventType "team-tourn"]
[EventRounds "9"]
[EventCountry "GER"]
[SourceTitle "EXT 2003"]
[Source "ChessBase"]
[SourceDate "2002.11.25"]
[SourceVersion "1"]
[SourceVersionDate "2002.11.25"]
[SourceQuality "1"]
[WhiteTeam "Kronach"]
[BlackTeam "Wuerzburg II"]
[WhiteTeamCountry "GER"]
[BlackTeamCountry "GER"]

1. d4 e6 2. Nf3 f5 3. c4 Nf6 4. Nc3 Be7 5. g3 0-0 6. Bg2 d5 7. 0-0 c6 8. Ne5 Nbd7 9. Nxd7 Qxd7 10. Bg5 b6 11. Qa4 Rd8 12. e3 Bb7 13. Bxf6 Bxf6 14. Rac1 a5 15. Rfd1 Ba6 16. cxd5 cxd5 17. Qxd7 Rxd7 18. Bf1 Kf7 19. Na4 Bd8 20. Bxa6 Rxa6 21. Rc6 Rda7 22. Nc3 Rc7 23. Rxc7+ Bxc7 24. Nb5 Bd8 25. Rc1 Ke7 26. Rc8 Kd7 27. Rb8 a4 28. Rb7+ Kc6 29. Rb8 Kd7 30. Rb7+ Kc6 31. Rb8 Kd7 1/2-1/2

[Event "Regionalliga NW 0001"]
[Site "Bayern"]
[Date "2001.03.11"]
[Round "7"]
[White "Stauch, Frank"]
[Black "Hertel, Hans"]
[Result "0-1"]
[WhiteElo "2035"]
[BlackElo "2045"]
[PlyCount "76"]
[EventDate "2000.10.15"]
[EventType "team-tourn"]
[EventRounds "9"]
[EventCountry "GER"]
[SourceTitle "EXT 2020"]
[Source "ChessBase"]
[SourceDate "2019.10.17"]
[SourceVersion "1"]
[SourceVersionDate "2019.10.17"]
[SourceQuality "1"]
[WhiteTeam "Kronach"]
[BlackTeam "Hof SK"]
[WhiteTeamCountry "GER"]
[BlackTeamCountry "GER"]

1. d4 f5 2. e4 fxe4 3. Nc3 Nf6 4. Bg5 Nc6 5. d5 Ne5 6. Qd4 Nf7 7. Bxf6 exf6 8. Nxe4 f5 9. Ng3 g6 10. 0-0-0 Bh6+ 11. f4 0-0 12. Nf3 d6 13. Ne2 c5 14. Qd2 b5 15. h4 b4 16. h5 Bg7 17. hxg6 hxg6 18. Ng5 Qf6 19. c3 Nxg5 20. fxg5 Qe5 21. Rh4 bxc3 22. Nxc3 f4 23. Bd3 Qxg5 24. Rdh1 Rb8 25. Rh7 Bf5 26. Bxf5 Qxf5 27. Qe1 Qf6 28. R1h3 Rfe8 29. Qf2 Re7 30. R7h4 g5 31. Rh5 Rbe8 32. Kd2 Re3 33. Nd1 R3e7 34. Nc3 Qg6 35. Qf3 g4 36. Qxf4 gxh3 37. Rg5 Rf7 38. Qg4 Bh6 0-1

[Event "Regionalliga NW 0001"]
[Site "Bayern"]
[Date "2001.01.14"]
[Round "4.4"]
[White "Kuhn, Norbert"]
[Black "Stauch, Frank"]
[Result "1/2-1/2"]
[WhiteElo "2135"]
[BlackElo "2030"]
[PlyCount "92"]
[EventDate "2000.10.15"]
[EventType "team-tourn"]
[EventRounds "9"]
[EventCountry "GER"]
[SourceTitle "EXT 2020"]
[Source "ChessBase"]
[SourceDate "2019.10.17"]
[SourceVersion "1"]
[SourceVersionDate "2019.10.17"]
[SourceQuality "1"]
[WhiteTeam "Wuerzburg II"]
[BlackTeam "Kronach"]
[WhiteTeamCountry "GER"]
[BlackTeamCountry "GER"]

1. e4 c6 2. d4 d5 3. Nc3 dxe4 4. Nxe4 Nf6 5. Nxf6+ gxf6 6. c3 Bf5 7. Nf3 e6 8. g3 Nd7 9. Bg2 Qc7 10. 0-0 0-0-0 11. Re1 Bg4 12. Qa4 Kb8 13. b4 Bxf3 14. Bxf3 h5 15. Be3 Bh6 16. Rad1 Bxe3 17. Rxe3 h4 18. c4 hxg3 19. hxg3 Nb6 20. Qb3 f5 21. Bg2 f4 22. Red3 fxg3 23. Rxg3 Qf4 24. b5 Rxd4 25. bxc6 Rxc4 26. cxb7 Rc1 27. Qd3 Qc7 28. Bf3 Rxd1+ 29. Qxd1 Rd8 30. Qe1 Nd5 31. Rg7 Qf4 32. Bxd5 Rxd5 33. Rg8+ Kxb7 34. Qb1+ Ka6 35. Qf1+ Ka5 36. Qe1+ Qb4 37. Qc1 Rc5 38. Qd1 Rd5 39. Qf3 Qb1+ 40. Kg2 Qb5 41. Rg4 Rd3 42. Qxf7 Qd5+ 43. Kh2 Qe5+ 44. Kg2 a6 45. Qb7 Qd5+ 46. Qxd5+ Rxd5 1/2-1/2

[Event "Regionalliga NW 0001"]
[Site "Bayern"]
[Date "2000.12.10"]
[Round "3.4"]
[White "Stauch, Frank"]
[Black "Bachmann, Wolfgang"]
[Result "1/2-1/2"]
[WhiteElo "2035"]
[BlackElo "1950"]
[PlyCount "47"]
[EventDate "2000.10.15"]
[EventType "team-tourn"]
[EventRounds "9"]
[EventCountry "GER"]
[SourceTitle "EXT 2020"]
[Source "ChessBase"]
[SourceDate "2019.10.17"]
[SourceVersion "1"]
[SourceVersionDate "2019.10.17"]
[SourceQuality "1"]
[WhiteTeam "Kronach"]
[BlackTeam "Burgsinn"]
[WhiteTeamCountry "GER"]
[BlackTeamCountry "GER"]

1. d4 d5 2. Nf3 e6 3. c4 c6 4. cxd5 exd5 5. Qc2 g6 6. e3 Bf5 7. Bd3 Bxd3 8. Qxd3 Nf6 9. Nc3 Nbd7 10. 0-0 Bg7 11. b4 a6 12. Na4 Ne4 13. Rb1 b5 14. Nc5 Nexc5 15. bxc5 f5 16. Bd2 0-0 17. Rb3 Re8 18. Qc2 a5 19. a3 a4 20. Rbb1 Qe7 21. Rbe1 Qe4 22. Qc1 Bf6 23. Bb4 Qe7 24. Nd2 1/2-1/2

[Event "Regionalliga NW 9900"]
[Site "Bayern"]
[Date "2000.??.??"]
[Round "5.6"]
[White "Schnell, Manfred"]
[Black "Stauch, Frank"]
[Result "1-0"]
[WhiteElo "2010"]
[BlackElo "2040"]
[PlyCount "117"]
[EventDate "1999.??.??"]
[EventType "team-tourn"]
[EventRounds "9"]
[EventCountry "GER"]
[SourceTitle "EXT 2020"]
[Source "ChessBase"]
[SourceDate "2019.10.17"]
[SourceVersion "1"]
[SourceVersionDate "2019.10.17"]
[SourceQuality "1"]
[WhiteTeam "Dettingen"]
[BlackTeam "Kronach"]
[WhiteTeamCountry "GER"]
[BlackTeamCountry "GER"]

1. e4 c6 2. d4 d5 3. Nc3 dxe4 4. Nxe4 Nf6 5. Nxf6+ gxf6 6. Ne2 h5 7. h4 Bg4 8. Qd3 e6 9. Bf4 Bd6 10. Qg3 Bxf4 11. Qxf4 Qa5+ 12. Qd2 Qxd2+ 13. Kxd2 Bxe2 14. Bxe2 Nd7 15. Rad1 0-0-0 16. c4 f5 17. Kc3 Nf6 18. Bf3 Rhg8 19. g3 Ng4 20. Rd2 Rg6 21. Re1 Nf6 22. d5 cxd5 23. cxd5 Nxd5+ 24. Bxd5 exd5 25. Re5 f4 26. gxf4 Rg4 27. Rxh5 Rxf4 28. Rhxd5 Rxd5 29. Rxd5 Rf3+ 30. Rd3 Rxf2 31. a3 Rh2 32. Rd4 Kc7 33. a4 f5 34. b4 a6 35. Kc4 Rh3 36. Kd5 Re3 37. Rf4 Rb3 38. Ke5 b5 39. axb5 axb5 40. Kxf5 Kd6 41. Rd4+ Ke7 42. Ke5 Rc3 43. Kd5 Rc1 44. Rf4 Rc2 45. h5 Rh2 46. Rf5 Rc2 47. h6 Rh2 48. Kc5 Ke6 49. Rg5 Rxh6 50. Kxb5 Kd7 51. Rc5 Rg6 52. Ka5 Rh6 53. b5 Rg6 54. b6 Rg1 55. Ka6 Ra1+ 56. Kb7 Rb1 57. Rd5+ Ke8 58. Kc7 Ke7 59. Rc5 1-0

[Event "Landesliga Nord 9899"]
[Site "Bayern"]
[Date "1999.05.09"]
[Round "8.3"]
[White "Kannenberg, Karl Heinz"]
[Black "Stauch, Frank"]
[Result "1/2-1/2"]
[WhiteElo "2140"]
[BlackElo "2045"]
[PlyCount "36"]
[EventDate "1998.10.11"]
[EventType "team-tourn"]
[EventRounds "9"]
[EventCountry "GER"]
[SourceTitle "EXT 2020"]
[Source "ChessBase"]
[SourceDate "2019.10.17"]
[SourceVersion "1"]
[SourceVersionDate "2019.10.17"]
[SourceQuality "1"]
[WhiteTeam "Kitzingen SC"]
[BlackTeam "Kronach"]
[WhiteTeamCountry "GER"]
[BlackTeamCountry "GER"]

1. d4 Nf6 2. Nf3 e6 3. Bf4 d5 4. e3 Bd6 5. Bxd6 Qxd6 6. Nbd2 0-0 7. Bd3 c5 8. c3 Nc6 9. 0-0 b6 10. Qe2 Bb7 11. Rfd1 Rfe8 12. Rac1 Rad8 13. h3 c4 14. Bb1 b5 15. e4 dxe4 16. Nxe4 Nxe4 17. Qxe4 g6 18. Qh4 Qf8 1/2-1/2

[Event "Landesliga Nord 9899"]
[Site "Bayern"]
[Date "1999.02.07"]
[Round "5.5"]
[White "Stauch, Frank"]
[Black "Erlbeck, Peter"]
[Result "0-1"]
[WhiteElo "2055"]
[BlackElo "2075"]
[PlyCount "90"]
[EventDate "1998.10.11"]
[EventType "team-tourn"]
[EventRounds "9"]
[EventCountry "GER"]
[SourceTitle "EXT 2020"]
[Source "ChessBase"]
[SourceDate "2019.10.17"]
[SourceVersion "1"]
[SourceVersionDate "2019.10.17"]
[SourceQuality "1"]
[WhiteTeam "Kronach"]
[BlackTeam "Nuernberg Sued SW"]
[WhiteTeamCountry "GER"]
[BlackTeamCountry "GER"]

1. d4 f5 2. Bg5 d5 3. e3 Nf6 4. Bxf6 exf6 5. Bd3 Nc6 6. c3 Be6 7. Qf3 Qd7 8. Ne2 0-0-0 9. Nf4 Bf7 10. Nd2 Kb8 11. Ne2 g6 12. 0-0 h5 13. b4 h4 14. a4 Bd6 15. a5 Ne5 16. dxe5 fxe5 17. e4 h3 18. g3 c6 19. b5 dxe4 20. Nxe4 Bd5 21. c4 fxe4 22. Bxe4 Rhf8 23. Qe3 Bxe4 24. Qxe4 Qf5 25. Qxf5 gxf5 26. bxc6 bxc6 27. a6 Kc7 28. Rfc1 Bc5 29. Ra5 Kb6 30. Ra2 Rd3 31. Nc3 Kc7 32. Na4 Bd4 33. c5 Rb8 34. Kf1 Rf3 35. Re2 Rb4 36. Ra2 f4 37. Ke1 fxg3 38. fxg3 Rbb3 39. Nb6 Rbe3+ 40. Re2 Rxe2+ 41. Kxe2 Re3+ 42. Kd2 axb6 43. a7 Ra3 44. cxb6+ Kxb6 45. Rc2 Rxa7 0-1

[Event "Regionalliga NW 9900"]
[Site "Bayern"]
[Date "1999.??.??"]
[Round "2.8"]
[White "Stauch, Frank"]
[Black "Bachmann, Wolfgang"]
[Result "1/2-1/2"]
[WhiteElo "2040"]
[BlackElo "1890"]
[PlyCount "38"]
[EventDate "1999.??.??"]
[EventType "team-tourn"]
[EventRounds "9"]
[EventCountry "GER"]
[SourceTitle "EXT 2020"]
[Source "ChessBase"]
[SourceDate "2019.10.17"]
[SourceVersion "1"]
[SourceVersionDate "2019.10.17"]
[SourceQuality "1"]
[WhiteTeam "Kronach"]
[BlackTeam "Burgsinn"]
[WhiteTeamCountry "GER"]
[BlackTeamCountry "GER"]

1. d4 f5 2. e4 fxe4 3. Nc3 Nf6 4. Bg5 Nc6 5. d5 Ne5 6. Qd4 Nf7 7. Bxf6 exf6 8. Nxe4 Be7 9. 0-0-0 0-0 10. f4 d6 11. Nf3 f5 12. Nf2 Bf6 13. Qd2 c5 14. Rg1 Qb6 15. c3 Qa5 16. Kb1 b5 17. g4 fxg4 18. Nxg4 Bxg4 19. Rxg4 Rab8 1/2-1/2

[Event "Regionalliga NW 9798"]
[Site "Bayern"]
[Date "1998.??.??"]
[Round "?.5"]
[White "Stauch, Frank"]
[Black "Trost, Hans Joachim"]
[Result "1-0"]
[WhiteElo "2075"]
[BlackElo "1970"]
[PlyCount "84"]
[EventDate "1997.10.??"]
[EventType "team-tourn"]
[EventRounds "9"]
[EventCountry "GER"]
[SourceTitle "EXT 2020"]
[Source "ChessBase"]
[SourceDate "2019.10.17"]
[SourceVersion "1"]
[SourceVersionDate "2019.10.17"]
[SourceQuality "1"]
[WhiteTeam "Kronach"]
[BlackTeam "Klingenberg"]
[WhiteTeamCountry "GER"]
[BlackTeamCountry "GER"]

1. d4 Nf6 2. Bg5 Ne4 3. h4 d5 4. Nd2 Nxg5 5. hxg5 g6 6. e3 e6 7. f4 c5 8. Ngf3 Qb6 9. Qb1 Nc6 10. c3 Bd7 11. Bd3 cxd4 12. exd4 Bg7 13. Qc2 Qc7 14. g3 Ne7 15. Qb3 0-0-0 16. 0-0-0 Qa5 17. Rde1 Kb8 18. a3 Rc8 19. Qb4 Qxb4 20. axb4 Nf5 21. Bxf5 gxf5 22. Kb1 Bb5 23. Kc2 a6 24. Ne5 Bxe5 25. Rxe5 h6 26. g6 fxg6 27. Rxe6 Rc6 28. Re5 Rd6 29. Nf3 h5 30. Rhe1 Rg8 31. R1e3 Kc8 32. Nh4 Bd7 33. Re7 Kd8 34. Rf7 Re8 35. Re5 b6 36. Rg7 Ree6 37. Kd2 Be8 38. Ra7 b5 39. Rg7 Bd7 40. Rxe6 Rxe6 41. Nxg6 Be8 42. Nh4 Rh6 1-0

[Event "Regionalliga NW 9798"]
[Site "Bayern"]
[Date "1997.??.??"]
[Round "?.5"]
[White "Navara, David"]
[Black "Stauch, Frank"]
[Result "1-0"]
[WhiteElo "2075"]
[BlackElo "2075"]
[PlyCount "63"]
[EventDate "1997.10.??"]
[EventType "team-tourn"]
[EventRounds "9"]
[EventCountry "GER"]
[SourceTitle "EXT 2020"]
[Source "ChessBase"]
[SourceDate "2019.10.17"]
[SourceVersion "1"]
[SourceVersionDate "2019.10.17"]
[SourceQuality "1"]
[WhiteTeam "Bamberg SC III"]
[BlackTeam "Kronach"]
[WhiteTeamCountry "GER"]
[BlackTeamCountry "GER"]

1. e4 Nf6 2. e5 Nd5 3. d4 d6 4. Nf3 Bg4 5. Be2 e6 6. h3 Bxf3 7. Bxf3 dxe5 8. c4 c6 9. cxd5 cxd5 10. dxe5 Nc6 11. 0-0 Bc5 12. Nc3 0-0 13. Bf4 a6 14. Qe2 Nd4 15. Qd3 f6 16. Bg4 f5 17. Be3 fxg4 18. hxg4 Nf3+ 19. gxf3 b6 20. Bxc5 bxc5 21. Kg2 Qg5 22. Rh1 g6 23. Nxd5 exd5 24. Qxd5+ Kh8 25. Rxh7+ Kxh7 26. Rh1+ Kg7 27. Qb7+ Rf7 28. Qxa8 Rf8 29. Qb7+ Rf7 30. Rh7+ Kxh7 31. Qxf7+ Kh8 32. e6 1-0

[Event "Regionalliga NW 9697"]
[Site "Bayern"]
[Date "1997.??.??"]
[Round "?"]
[White "Stauch, Frank"]
[Black "Ledfuss, Guntram"]
[Result "1-0"]
[WhiteElo "2075"]
[BlackElo "1950"]
[PlyCount "51"]
[EventDate "1996.10.??"]
[EventType "team-tourn"]
[EventRounds "9"]
[EventCountry "GER"]
[SourceTitle "EXT 1999"]
[Source "ChessBase"]
[SourceDate "1998.11.16"]
[SourceVersion "1"]
[SourceVersionDate "1998.11.16"]
[SourceQuality "1"]
[WhiteTeam "Kronach"]
[BlackTeam "Sand"]
[WhiteTeamCountry "GER"]
[BlackTeamCountry "GER"]

1. d4 d5 2. Nf3 Nf6 3. c4 dxc4 4. e3 Bg4 5. Bxc4 e6 6. 0-0 Nbd7 7. Nc3 a6 8. a3 c5 9. h3 Bh5 10. g4 Bg6 11. Ne5 Rc8 12. Be2 cxd4 13. exd4 Nxe5 14. dxe5 Nd7 15. Qa4 Bc5 16. Bf4 0-0 17. Rad1 Rc6 18. Bxa6 Rxa6 19. Qxd7 Qh4 20. Kg2 Rb6 21. b4 Bxb4 22. axb4 Rxb4 23. Bg3 Qg5 24. f4 Qh6 25. Qe7 Rb3 26. Rd8 1-0

[Event "Regionalliga NW 9596"]
[Site "Bayern"]
[Date "1995.??.??"]
[Round "?"]
[White "Stauch, Frank"]
[Black "Rink, Christian"]
[Result "1-0"]
[WhiteElo "2065"]
[BlackElo "1890"]
[PlyCount "99"]
[EventDate "1995.10.??"]
[EventType "team-tourn"]
[EventRounds "9"]
[EventCountry "GER"]
[SourceTitle "EXT 1999"]
[Source "ChessBase"]
[SourceDate "1998.11.16"]
[SourceVersion "1"]
[SourceVersionDate "1998.11.16"]
[SourceQuality "1"]
[WhiteTeam "Kronach"]
[BlackTeam "Sand"]
[WhiteTeamCountry "GER"]
[BlackTeamCountry "GER"]

1. d4 Nf6 2. Nf3 g6 3. c3 Bg7 4. g3 0-0 5. Bg2 d6 6. 0-0 Nbd7 7. Re1 c5 8. e4 Nh5 9. Be3 Qb6 10. Qd2 Ndf6 11. dxc5 dxc5 12. e5 Ng4 13. Bg5 f6 14. exf6 exf6 15. Qd5+ Kh8 16. Bc1 Rd8 17. Qb3 Qc7 18. Na3 a6 19. Qc4 b5 20. Qe4 Bf5 21. Qe7 Qxe7 22. Rxe7 Rd1+ 23. Ne1 Bf8 24. Bf3 Bxe7 25. Bxd1 Rd8 26. Bxg4 Bxg4 27. Be3 Ng7 28. f3 Bc8 29. Kf2 Nf5 30. Nac2 Nxe3 31. Kxe3 Bf5 32. Ke2 Kg7 33. Rd1 Rxd1 34. Kxd1 Be6 35. a3 Bd6 36. Kd2 h5 37. Ke3 a5 38. Nd3 a4 39. Nf4 Bc4 40. Nd3 Kf7 41. Nce1 Bxd3 42. Kxd3 Ke6 43. c4 Be5 44. cxb5 Bxb2 45. Kc4 Kd6 46. Nc2 Bc1 47. b6 h4 48. Kb5 h3 49. Ka6 Kc6 50. b7 1-0